000 00522nam a22001817a 4500
003 ost
005 20151207152904.0
008 130831t xxu||||| |||| 00| 0 eng d
020 _a0385470444
050 _aB 72
_b.C62 1993
082 _aHS 190
_bC62 1993
245 _aA History of Philosophy :
_cFrederick Copleston
_bVolume VII modern philosophy
260 _aNew York :
_bBantam Doubleday Dell Publishing Group,Inc,
_c 1993.
300 _a496 p.,
_c20.9 cm.
562 _e1
942 _2lcc
_cBK
999 _c10098
_d10098